ইবনে বতুতার সফরনামা / (Record no. 9515)
[ view plain ]
| 000 -LEADER | |
|---|---|
| fixed length control field | 02898nam a22002177a 4500 |
| 001 - CONTROL NUMBER | |
| JCCL Control Number | 9515 |
| 003 - CONTROL NUMBER IDENTIFIER | |
| JCCL marc code | BD-JhCC |
| 005 - DATE AND TIME OF LATEST TRANSACTION | |
| control field | 20180521143233.0 |
| 008 - FIXED-LENGTH DATA ELEMENTS--GENERAL INFORMATION | |
| fixed length control field | 180318b1968 bg ||||| |||| 00| 0 ben d |
| 035 ## - SYSTEM CONTROL NUMBER | |
| system control number | (BD-JhCC)9515 |
| 040 ## - CATALOGING SOURCE | |
| Original cataloging agency | BD-JhCC |
| Modifying agency | BD-JhCC |
| 041 ## - LANGUAGE CODE | |
| Language code of Book | ben |
| 082 ## - DEWEY DECIMAL CLASSIFICATION NUMBER | |
| Classification number | 910.4 |
| Author mark and Year | ALI 1968 |
| 100 ## - MAIN ENTRY--PERSONAL NAME | |
| Personal name | আলী, মোহাম্মদ নাসির |
| 245 ## - TITLE STATEMENT | |
| Title | ইবনে বতুতার সফরনামা / |
| Statement of responsibility, etc | মোহাম্মদ নাসির আলী |
| 300 ## - PHYSICAL DESCRIPTION | |
| Pagination | 74 p. : |
| Dimensions | 21 cm. |
| 526 ## - STUDY PROGRAM INFORMATION NOTE | |
| Requested Dept. | Md. Nasir Ali :<br/>বিখ্যাত শিশু সাহিত্যিক মোহাম্মদ নাসির আলীর জন্ম ১০ জানুয়ারি ১৯১০ সালে বিক্রমপুরে । পড়াশোনা করেছেন তেলিরবাগ কালীমোহন দূর্গামোহন ইনস্টিটিউশনে । এন্ট্রাস পাস করেছেন ১৯২৬ সালে স্বর্ণপদক সহ । পরবর্তীতে পড়াশোনা ঢাকা বিশ্ববিদ্যালয়ে । চাকরি জীবনের শুরুত্ব অবিভক্ত ভারতের কোলকাতা হাইকোর্টে । ’৪৭ পরবর্তী সময়ে একই সাথে প্রকাশনা ও ঢাকা হাইকোর্টে চাকরি করেছেন । প্রকাশনা প্রতিষ্ঠান নওরোজ কিতাবিস্তানের প্রতিষ্ঠাতা অংশীদার । শিশু সাহিত্যের উপর প্রবর্তিত প্রায় সবগুলো পুরস্কারে ভূষিত হয়েছেন । এরমধ্যে ইউনেস্কো, বাংলা একাডেমী, জাতীয় গ্রন্থকেন্দ্র, ইউনাইটেড ব্যাংক, লাইব্রেরী অব কংগ্রেস, যুক্তরাষ্ট্র, ইসলামিক ফাউন্ডেশন উল্লেখযোগ্য । অধুনালুপ্ত দৈনিক আজাদ পত্রিকার ‘মুকুলের মহফিলী” শিশু বিভাগের প্রধান হিসেবে “বাক্যবান” নামে সমধিক পরিচিত । ফটোগ্রাফি, সেলাইকর্ম, রবীন্দ্র-নজরুল সংগীতের একনিষ্ঠ ভক্ত ছিলেন । তিনি ১৯৭৫ সালের ৩০ জানুয়ারি মৃত্যুবরণ করেন । |
| 650 ## - SUBJECT ADDED ENTRY--TOPICAL TERM | |
| Topical term or geographic name as entry element | Bavelogue |
| 942 ## - ADDED ENTRY ELEMENTS (KOHA) | |
| Source of classification or shelving scheme | Dewey Decimal Classification |
| Koha item type | Books |
| Source of classification or shelving scheme | Damaged status | Not for loan | Home library | Current library | Shelving location | Date of accession | Cost, normal purchase price | Total Checkouts | Full call number | Barcode | Date last seen | Copy number | Koha item type |
|---|---|---|---|---|---|---|---|---|---|---|---|---|---|
| Dewey Decimal Classification | JCC Rouf Library | JCC Rouf Library | General Stacks | 03/18/2018 | 13.00 | 910.4 ALI 1968 | 12045 | 03/18/2018 | C-1 | Books |